Эксплуатация генераторов. Расширение области применения несинхронного АПВ: лекция 2

Dades bibliogràfiques
Autor principal: Хачатуров А. А.
Autor corporatiu: Всесоюзный заочный энергетический институт (ВЗЭИ)
Idioma:rus
Publicat: Москва, Изд-во ВЗЭИ, 1961
Matèries:
Format: MixedMaterials Llibre
KOHA link:https://koha.lib.tpu.ru/cgi-bin/koha/opac-detail.pl?biblionumber=311955

MARC

LEADER 00000nam0a2200000 4500
001 311955
005 20231102002434.0
035 |a (RuTPU)RU\TPU\book\337322 
090 |a 311955 
100 |a 20151215d1961 m y0rusy50 ca 
101 0 |a rus 
102 |a RU 
105 |a a j 001zy 
200 1 |a Эксплуатация генераторов. Расширение области применения несинхронного АПВ  |e лекция 2  |f А. А. Хачатуров  |g Всесоюзный заочный энергетический институт (ВЗЭИ) 
210 |a Москва  |c Изд-во ВЗЭИ  |d 1961 
215 |a 29 с.  |c ил. 
320 |a Библиогр.: с. 29. 
606 1 |a Генераторы  |x Эксплуатация  |2 stltpush  |3 (RuTPU)RU\TPU\subj\5684  |9 33693 
610 1 |a учебные пособия 
610 1 |a графики 
610 1 |a параллельные линии 
610 1 |a нагрузки 
610 1 |a энергосистемы 
675 |a 621.313.12(07)  |v 4 
700 1 |a Хачатуров  |b А. А. 
712 0 2 |a Всесоюзный заочный энергетический институт (ВЗЭИ)  |c (Москва)  |c (1947-1967)  |2 stltpush  |3 (RuTPU)RU\TPU\col\14362 
801 1 |a RU  |b 63413507  |c 20151215 
801 2 |a RU  |b 63413507  |c 20151218  |g RCR 
942 |c BK